Plus grandes villes du monde par lettre - U/V/W - Statistiques

Statistiques générales
  • Ce quiz a été pris 240 fois
  • Le résultat moyen est 6 sur 10
Statistiques - réponses
Pays Population Ville % Correct
Pologne 3.387 Mio Varsovie
95%
Autriche 2.717 Mio Vienne
93%
États-Unis 9.815 Mio Washington - Baltimore
91%
Espagne 2.514 Mio Valence
86%
Canada 2.843 Mio Vancouver
86%
Chine 10.893 Mio Wuhan
65%
Chine 3.550 Mio Ürümqi
28%
Brésil 1.952 Mio Vitória
9%
Inde 5.618 Mio Visakhapatnam
5%
Chine 3.542 Mio Wuxi
5%
Aucun quiz correspondant
Distribution des résultats
% des personnes avec chaque résultat
Percentile par nombre de réponses
Votre historique - résultats
Vous n’avez pas pris ce quiz